000 01157nam a2200277Ia 4500
003 OSt
005 20211104150702.0
008 210310s1964 sp ad fr 001 0 spa d
040 _aCO-JMCR
_cCO-JMCR
041 1 _aspa
_heng
082 0 4 _a338.9 /
_bM511c
_223
100 1 _aMeier, Richard L.,
_918068
_eautor
245 1 0 _aCiencia y desarrollo económico /
_cRichard L. Meier ; traducción del inglés por, Antonio Gobernado
260 _aValencia :
_bAguilar,
_c1964
300 _axx, 301 páginas, [2]hojas plegadas :
_bilustraciones y gráficas a blanco y negro ;
_c21 cm.
490 0 _aBiblioteca de ciencias sociales
500 _aIncluye índice de autores y de materias. Título original: Science and economic development
504 _aBibliografía al final de cada capítulo.
505 0 _aLa situación actual del mundo -- Nuevos alimentos -- Nuevos combustibles -- Nuevas normas de vida
546 _aTraducido del inglés.
650 1 4 _aHistoria económica
_ysiglo XX
_97588
650 2 4 _aTecnología
_918070
_xHistoria
650 2 4 _aRecursos naturales
_9308
700 1 _aGobernado, Antonio,
_etraductor
_937508
942 _2ddc
_cBK
999 _c8713
_d8713